[Event "JUG-chT"]
[Site "Cetinje"]
[Date "1992.??.??"]
[Round "?"]
[White "Marinovic, Bozidar"]
[Black "Bakic, Rados"]
[Result "1-0"]
[WhiteElo "2355"]
[BlackElo "2410"]

1.e4 c5 2.Nf3 Nc6 3.Bb5 Nf6 4.e5 Nd5 5.O-O Nc7 6.Bxc6 dxc6 7.h3 Bf5 8.d3 e6
9.Nbd2 Be7 10.Qe2 Nb5 11.Ne4 Nd4 12.Nxd4 Qxd4 13.Ng3 Bg6 14.Rb1 a5 15.b3 a4
16.Bb2 Qd7 17.Ne4 O-O 18.Qe3 Bxe4 19.dxe4 axb3 20.axb3 Rfd8 21.Bc3 b5 22.Qe2 b4
23.Rfd1 Qc7 24.Bb2 Ra2 25.f4 g6 26.Kh2 Rxd1 27.Qxd1 g5 28.Qg4 Qa7 29.Bc1 Ra1
30.Rxa1 Qxa1 31.Be3 Qc3 32.Qe2 Bf8 33.g3 gxf4 34.gxf4 Be7 35.Kg2 Kf8 36.Qd2 Qb2
37.Qd3 Kg7 38.Qc4 Qb1 39.f5 Bf8 40.f6+ Kg6 41.Bxc5 Bxc5 42.Qxc5 h6  1-0

[Event "JUG-chT"]
[Site "Cetinje"]
[Date "1992.??.??"]
[Round "?"]
[White "Relic, Rajna"]
[Black "Stoisavljevic, Sava"]
[Result "1/2-1/2"]
[WhiteElo "2015"]
[BlackElo "2100"]

1.e4 c5 2.Nf3 Nc6 3.Bb5 g6 4.Bxc6 bxc6 5.d4 Bg7 6.dxc5 Qa5+ 7.Qd2 Qxc5 8.O-O Rb8
9.c3 Nf6 10.Qf4 Qb6 11.b3 O-O 12.Bb2 Ba6 13.Re1 Rfe8 14.Na3 d5 15.Nd2 e5
16.Qf3 Rbd8 17.exd5 cxd5 18.Nc2 Ne4 19.Nxe4 dxe4 20.Qe3 Qxe3 21.Nxe3 Rd2
22.Ba3 f5 23.Rec1 Red8 24.c4 R8d3 25.Rd1 Rd7 26.Bb4 R2d3 27.Bc5 Rxd1+ 28.Rxd1 Rc7
29.b4 Bf8 30.Rd8 Rc8 31.Rxc8 Bxc8 32.Bxa7 Bxb4 33.c5 Bb7 34.a4 Bc6 35.Nc4 Bxa4
36.Nxe5 Bb3  1/2-1/2

[Event "Coronel Suarez op"]
[Site "Coronel Suarez"]
[Date "1992.??.??"]
[Round "3"]
[White "Rosito, Jorge"]
[Black "Schuster, Carlos"]
[Result "1-0"]
[WhiteElo "2345"]
[BlackElo "2280"]

1.e4 c5 2.Nf3 Nc6 3.Bb5 g6 4.O-O Bg7 5.c3 Qb6 6.Bxc6 dxc6 7.h3 Nf6 8.Qe2 Nh5
9.d3 e5 10.Be3 a5 11.Na3 Be6 12.Ng5 O-O 13.Nxe6 fxe6 14.g3 Qa7 15.Rad1 Rad8
16.Qg4 Rfe8 17.Rd2 b5 18.Nc2 Qe7 19.Rfd1 Rd7 20.d4 exd4 21.cxd4 c4 22.e5 Qf8
23.Qe4 Bh8 24.g4 Ng7 25.Qxc6 Rd5 26.Bh6 Rc8 27.Bxg7 Rxc6 28.Bxf8 Kxf8 29.Ne3 Rd8
30.f4 c3 31.bxc3 Rxc3 32.Kf2 Ra3 33.Rc1 g5 34.Kf3 Ra4 35.Rcd1 gxf4 36.Kxf4 Rc8
37.Ke4 Rc3 38.Rf1+ Ke7 39.Nd1 Rc5 40.Ke3 Ra3+ 41.Rd3 Rxd3+ 42.Kxd3 Rc8 43.Nc3 Rd8
44.Ke3 b4 45.Ne4 Rc8 46.Nd6 Rc2 47.Rf7+ Kd8 48.Rxh7 Rxa2 49.Rxh8+ Kd7 50.Rb8 Rh2
51.Nc4 Rxh3+ 52.Ke4  1-0

[Event "CSR-chT"]
[Site "CSR"]
[Date "1992.??.??"]
[Round "?"]
[White "Bielczyk, Jacek"]
[Black "Pekarek, Ales"]
[Result "1/2-1/2"]
[WhiteElo "2380"]
[BlackElo "2455"]

1.e4 c5 2.Nf3 Nc6 3.Bb5 g6 4.O-O Bg7 5.c3 e5 6.d4 exd4 7.cxd4 cxd4 8.Bf4 a6
9.Bc4 d6 10.Nbd2 Nge7 11.Rc1 O-O 12.Nb3 Bg4 13.h3 Bxf3 14.Qxf3 Qd7 15.Qg3 Rad8
16.Rfe1 h6 17.Bd2 Kh7 18.f4 d5 19.Nc5 Qc7 20.exd5 Nxd5 21.Bxd5 Rxd5 22.Qb3 Rf5
23.Qxb7 Qxb7 24.Nxb7 Rb5 25.b3 Nb4 26.Nd6  1/2-1/2

[Event "CSR-chT"]
[Site "CSR"]
[Date "1992.??.??"]
[Round "?"]
[White "Mrva, Vladimir"]
[Black "Novik, Maxim"]
[Result "0-1"]
[WhiteElo "2315"]
[BlackElo "2420"]

1.e4 c5 2.Nf3 Nc6 3.Bb5 g6 4.O-O Bg7 5.c3 Nf6 6.Re1 a6 7.Bxc6 dxc6 8.h3 O-O
9.d3 a5 10.Be3 b6 11.Qc2 Ba6 12.d4 Nd7 13.Rd1 Qc7 14.a4 Rfd8 15.Na3 b5 16.dxc5 b4
17.Nb1 Ne5 18.Nxe5 Rxd1+ 19.Qxd1 Rd8 20.Nd2 bxc3 21.bxc3 Bxe5 22.Rc1 Bd3
23.Qg4 Bf6 24.f4 e6 25.e5 Be7 26.Qf3 Qb7 27.Ne4 Bxe4 28.Qxe4 Qb2 29.Qc2 Qa3
30.Kh1 Bxc5 31.Bxc5 Qxc5 32.Rd1 Rb8 33.Rd4 Kg7 34.Qd3 Rb2 35.Qc4 Qb6 36.Kh2 c5
37.Re4 Qc6 38.Qd3 Ra2 39.Qe3 Rxa4 40.Rxa4 Qxa4 41.Qxc5 Qxf4+ 42.Kh1 a4 43.c4 Qc1+
44.Kh2 a3 45.Qf2 Qg5 46.Qe2 Qf4+ 47.Kh1 Qc1+ 48.Kh2 Qb2 49.Qe3 a2 50.Qf4 Kg8
51.Qg5 Qd4  0-1

[Event "CSR-chT"]
[Site "CSR"]
[Date "1992.??.??"]
[Round "?"]
[White "Oral, Tomas"]
[Black "Medunova, Vera"]
[Result "1-0"]
[WhiteElo "2255"]
[BlackElo "2065"]

1.e4 c5 2.Nf3 Nc6 3.Bb5 g6 4.Bxc6 dxc6 5.h3 Bg7 6.d3 Nf6 7.Nc3 O-O 8.Be3 b6
9.Qd2 Re8 10.Ng5 h6 11.Nf3 Kh7 12.g4 Nd7 13.O-O-O e5 14.h4 Nf8 15.Nh2 Ne6
16.Ne2 Nd4 17.c3 Be6 18.cxd4 cxd4 19.Bxh6 Bxh6 20.g5 Bg7 21.Kb1 a5 22.f4 Qd7
23.h5 Kg8 24.Rdf1 Bh3 25.Rf2 exf4 26.Nxf4 gxh5 27.Nxh5 Qd6 28.Nf6+ Bxf6 29.gxf6 Qg3
30.Rf3  1-0

[Event "CSR-chT"]
[Site "CSR"]
[Date "1992.??.??"]
[Round "?"]
[White "Jansa, Vlastimil"]
[Black "Mrva, Martin"]
[Result "1-0"]
[WhiteElo "2460"]
[BlackElo "2345"]

1.e4 c5 2.Nf3 Nc6 3.Bb5 Nf6 4.Nc3 Qc7 5.O-O Nd4 6.Re1 a6 7.Bc4 e6 8.e5 d5
9.exf6 dxc4 10.Ne4 Bd7 11.d3 O-O-O 12.Nxd4 cxd4 13.fxg7 Bxg7 14.Bg5 Rdg8
15.Qh5 Bc6 16.dxc4 Be5 17.g3 Rg6 18.Bh4 f6 19.Nc5 Be8 20.Nxe6 Qxc4 21.Rxe5 fxe5
22.Qxe5 Rxe6 23.Qxh8 Qxc2 24.Qxd4 Bc6  1-0

[Event "CSR-chT"]
[Site "CSR"]
[Date "1992.??.??"]
[Round "?"]
[White "Velicka, Petr"]
[Black "Salai, Ladislav"]
[Result "1-0"]
[WhiteElo "2410"]
[BlackElo "2365"]

1.e4 c5 2.Nf3 Nc6 3.Bb5 g6 4.Bxc6 dxc6 5.h3 Nf6 6.d3 Bg7 7.Nc3 O-O 8.Be3 Nd7
9.Qd2 e5 10.h4 Qe7 11.h5 Re8 12.hxg6 fxg6 13.O-O-O Nf8 14.Rh4 Ne6 15.Rdh1 h5
16.Ne2 Bf6 17.R4h2 Nd4 18.Nexd4 cxd4 19.Bg5 Rf8 20.Bxf6 Qxf6 21.Qh6 Bd7 22.Rh4 Rae8
23.g4 Qf4+ 24.Qxf4 Rxf4 25.gxh5 Rxf3 26.hxg6 Kf8 27.Rh8+ Ke7 28.R1h7+ Kd8
29.Rxd7+ Kxd7 30.g7 Rf7 31.Rxe8 Rxg7 32.Rxe5 Rf7 33.Rf5  1-0

[Event "EU-chT (Women)"]
[Site "Debrecen"]
[Date "1992.??.??"]
[Round "1"]
[White "Klinova, Masha"]
[Black "Galliamova, Alisa"]
[Result "0-1"]
[WhiteElo "2205"]
[BlackElo "2400"]

1.e4 c5 2.Nf3 Nc6 3.Bb5 e6 4.Bxc6 bxc6 5.O-O Ne7 6.d3 Ng6 7.Nc3 e5 8.Ne2 Be7
9.c3 d5 10.Ng3 O-O 11.Re1 Bf6 12.Be3 d4 13.cxd4 cxd4 14.Bd2 Qb6 15.Qc2 Bg4
16.b3 c5 17.Bc1 Bxf3 18.gxf3 Bd8 19.Nf5 Nh4 20.Nxh4 Bxh4 21.Ba3 Rac8 22.Kh1 f5
23.exf5 Rxf5 24.Re4 Qf6 25.Qe2 Bg5 26.Rg1 Bf4 27.Bc1 Bxc1 28.Rxc1 Rxf3 29.Rxe5 Rxf2
30.Qe4 Rf1+  0-1

[Event "EU-chT (Men)"]
[Site "Debrecen"]
[Date "1992.??.??"]
[Round "1"]
[White "Hauchard, Arnaud"]
[Black "Kozul, Zdenko"]
[Result "0-1"]
[WhiteElo "2420"]
[BlackElo "2545"]

1.e4 c5 2.Nf3 Nc6 3.Bb5 g6 4.O-O Bg7 5.Re1 e5 6.Bxc6 dxc6 7.a3 Be6 8.b4 c4
9.Bb2 f6 10.d4 cxd3 11.cxd3 Nh6 12.Qc2 Nf7 13.Nbd2 O-O 14.d4 Qe7 15.Bc3 Rad8
16.Qb2 g5 17.Rad1 g4 18.dxe5 fxe5 19.Nxe5 Nd6 20.Nd3 Bxc3 21.Qxc3 Nb5 22.Qc5 Rfe8
23.Nb1 Ba2 24.Qc2 Qf7 25.Nc1 Bxb1 26.Qxb1 Rxd1 27.Rxd1 Nc3 28.Qc2 Nxd1 29.Qxd1 Rxe4
30.Ne2 Qd5  0-1

[Event "EU-chT (Women)"]
[Site "Debrecen"]
[Date "1992.??.??"]
[Round "1"]
[White "Makropoulou, Marina"]
[Black "Mihevc, Narcisa"]
[Result "0-1"]
[WhiteElo "2285"]
[BlackElo "2140"]

1.e4 c5 2.Nf3 Nc6 3.Bb5 d6 4.O-O Bd7 5.c3 a6 6.Ba4 Nf6 7.Re1 b5 8.Bc2 e5
9.d3 Be7 10.Nbd2 O-O 11.Nf1 Re8 12.h3 a5 13.d4 cxd4 14.cxd4 Qc8 15.d5 Nb4
16.Bb1 Bd8 17.Ng3 Bb6 18.Bg5 Kh8 19.Qe2 Ng8 20.a3 Na6 21.Bd3 Qb7 22.Kh2 Bc5
23.Bd2 b4 24.Rf1 Nc7 25.a4 b3 26.Ng5 Nh6 27.Qh5 Rf8 28.f4 f6 29.Ne6 Nxe6
30.dxe6 Bxe6 31.fxe5 dxe5 32.Bb5 Bd4 33.Rab1 Nf7 34.Rfc1 Rfc8 35.Nf5 Bxf5
36.exf5 Nd6 37.Rxc8+ Rxc8 38.Bf1 Qe4 39.Re1 Qxf5 40.Qxf5 Nxf5 41.Bxa5 Ra8
42.Bb4 Rxa4 43.Ba3 Ne3 44.Bd3 g6 45.Rc1 Ra7 46.Rc8+ Kg7 47.g3 f5 48.Rb8 e4
49.Be2 Rc7 50.Ba6 Rc2+ 51.Kh1 Rc1+ 52.Kh2 Nf1+ 53.Kg2 Nd2 54.Rb7+ Kf6 55.h4 Rg1+
56.Kh3 e3 57.Be7+ Ke6 58.Bg5 Ne4 59.Kh2 Rc1 60.Rxb3 Rc2+  0-1

[Event "EU-chT (Men)"]
[Site "Debrecen"]
[Date "1992.??.??"]
[Round "1"]
[White "Gdanski, Jacek"]
[Black "Vandevoort, Pascal"]
[Result "1-0"]
[WhiteElo "2435"]
[BlackElo "2250"]

1.e4 c5 2.Nf3 Nc6 3.Bb5 e6 4.O-O Nge7 5.Nc3 a6 6.Bxc6 Nxc6 7.d4 cxd4 8.Nxd4 d6
9.Nxc6 bxc6 10.Qg4 Qf6 11.Qg3 Be7 12.f4 O-O 13.e5 Qf5 14.exd6 Bxd6 15.Rf2 Rb8
16.b3 Rd8 17.Na4 Be5 18.Bb2 Bd4 19.Bxd4 Rxd4 20.Qe3 c5 21.Nxc5 Rd5 22.Ne4 Bb7
23.Re1 Rbd8 24.Ng3 Qg4 25.h3 Qh4 26.f5 e5 27.f6 Rd1 28.Rxd1 Rxd1+ 29.Kh2  1-0

[Event "EU-chT (Men)"]
[Site "Debrecen"]
[Date "1992.??.??"]
[Round "3"]
[White "Brady, Stephen"]
[Black "Berend, Fred"]
[Result "1/2-1/2"]
[WhiteElo "2320"]
[BlackElo "2275"]

1.e4 c5 2.Nf3 Nc6 3.Bb5 e6 4.O-O Nge7 5.c3 d5 6.exd5 Qxd5 7.Re1 Bd7 8.Na3 a6
9.Bf1 Qd6 10.Nc2 Rd8 11.g3 Nd5 12.d4 cxd4 13.Ncxd4 Nxd4 14.Nxd4 Be7 15.c4 Nb4
16.Bf4 Qb6 17.Nb3 Bc6 18.Qg4 O-O 19.c5 Bxc5 20.Nxc5 Qxc5 21.Rad1 h5 22.Qh4 Nc2
23.Re5 Qxe5 24.Rxd8 Qa5 25.Rxf8+ Kxf8 26.Qg5 Qxg5 27.Bxg5 Bd5 28.a3 f6 29.Bd2 Nd4
30.Bb4+ Kf7 31.f4 g5 32.fxg5 Nf3+ 33.Kf2 Nxg5 34.Be2 Kg6 35.Ke3 e5 36.Bd6 Nf7
37.Bc7 Be6 38.Bf3 Bc8 39.Bd5 Nh6 40.Be4+ Kg5 41.Kf3 Bg4+ 42.Kg2 h4 43.Bxb7 Be2
44.Ba5 hxg3 45.hxg3 Nf5 46.Kf2 Nd4 47.Bc8 Bc4 48.Bd2+ Kg6 49.Bc3 Nb3 50.Ke3 Kf7
51.Bb4 Bb5 52.Bg4 Nd4 53.Bc5 Ne6 54.Bb6 Ke7 55.Ba5 Kd6 56.Ke4 Nc5+ 57.Ke3 Kd5
58.Bd8 Nd7 59.b3 Nc5 60.a4 Bd7 61.Bxd7 Nxd7  1/2-1/2

[Event "EU-chT (Men)"]
[Site "Debrecen"]
[Date "1992.??.??"]
[Round "3"]
[White "Rayner, Francis"]
[Black "Muir, Andrew J"]
[Result "1-0"]
[WhiteElo "2270"]
[BlackElo "2375"]

1.e4 c5 2.Nf3 Nc6 3.Bb5 g6 4.c3 Bg7 5.d4 cxd4 6.cxd4 Qb6 7.Nc3 Nxd4 8.Nd5 Qc5
9.Nxd4 Bxd4 10.O-O Be5 11.Ba4 Nf6 12.Be3 Qd6 13.f4 Nxd5 14.fxe5 Nxe3 15.exd6 Nxd1
16.Raxd1 exd6 17.Bb3 d5 18.Bxd5 O-O 19.Rxf7 d6 20.Rdf1 Rxf7 21.Rxf7 Kh8 22.Rf8+ Kg7
23.Re8 a6 24.a3 Kf6 25.Kf2 h6 26.Be6 Bxe6 27.Rxa8 d5 28.Rb8 dxe4 29.Rxb7 Bc4
30.Ke3 Ke6 31.Rb6+ Kf5 32.g4+ Kxg4 33.Rxg6+ Kh5 34.Rb6 Bd3 35.b4 Kg5 36.a4 h5
37.b5 axb5 38.axb5 h4 39.Rb8 Kg4 40.b6  1-0

[Event "EU-chT (Women)"]
[Site "Debrecen"]
[Date "1992.??.??"]
[Round "5"]
[White "Makropoulou, Marina"]
[Black "Galliamova, Alisa"]
[Result "0-1"]
[WhiteElo "2285"]
[BlackElo "2400"]

1.e4 c5 2.Nf3 Nc6 3.Bb5 e6 4.O-O Nge7 5.Re1 a6 6.Bf1 d5 7.exd5 Nxd5 8.d4 Nf6
9.c3 cxd4 10.cxd4 Be7 11.Nc3 O-O 12.Bg5 b6 13.a3 Ra7 14.Ne5 Bb7 15.Be3 Bd6
16.Rc1 Qb8 17.f4 Ne7 18.Bf2 Ba8 19.Qd3 Ng6 20.Be3 Rd8 21.Qc2 Nh4 22.Rcd1 Nf5
23.Bf2 Bf8 24.h3 Nd6 25.Bh4 Nf5 26.Bf2 Rc8 27.Qd2 Qb7 28.Kh2 Rd8 29.Qe2 Nd6
30.Bh4 Be7 31.Bf2 Nde4 32.Bg1 Nxc3 33.bxc3 Bxa3 34.Ra1 Be7 35.Rxa6 Rxa6 36.Qxa6 Nd5
37.f5 Qc7 38.Kh1 Qxc3  0-1

[Event "EU-chT (Men)"]
[Site "Debrecen"]
[Date "1992.??.??"]
[Round "6"]
[White "Schuh, Franz"]
[Black "Wians, Camille"]
[Result "1-0"]
[WhiteElo "2310"]
[BlackElo "2280"]

1.e4 c5 2.Nf3 Nc6 3.Bb5 g6 4.O-O Bg7 5.Re1 e5 6.Nc3 Nge7 7.Nd5 O-O 8.c3 d6
9.h3 Nxd5 10.exd5 Ne7 11.Bc4 f5 12.d4 cxd4 13.Bg5 h6 14.Bxe7 Qxe7 15.Nxe5 Qf6
16.cxd4 b5 17.Bxb5 dxe5 18.dxe5 Qb6 19.Bc6 Bb7 20.Bxb7 Qxb7 21.d6 Rad8 22.Rc1 Rfe8
23.Rc7 Qb5 24.a4 Qb4 25.Qd5+ Kh8 26.Re3 f4 27.Re4 Qxb2 28.d7 Rxe5 29.Rxe5 Qa1+
30.Kh2 Qxe5 31.Qxe5 Bxe5 32.Rxa7 Kg7 33.a5 Kf7 34.a6 Bd4 35.Rb7 Ke7 36.a7 Ra8
37.Rb8  1-0

[Event "EU-chT (Men)"]
[Site "Debrecen"]
[Date "1992.??.??"]
[Round "7"]
[White "Galego, Luis"]
[Black "Berend, Fred"]
[Result "1-0"]
[WhiteElo "2405"]
[BlackElo "2275"]

1.e4 c5 2.Nf3 Nc6 3.Bb5 g6 4.O-O Bg7 5.Re1 e5 6.c3 Nge7 7.Na3 O-O 8.Nc2 d6
9.h3 a6 10.Bf1 d5 11.d3 h6 12.exd5 Nxd5 13.Ne3 Nxe3 14.Bxe3 b6 15.a3 Bb7
16.Nd2 Ne7 17.Nc4 Nd5 18.Bd2 Qc7 19.a4 Rfe8 20.Rc1 Rad8 21.b4 Qe7 22.bxc5 Qxc5
23.Qb3 Re6 24.Nxe5 Bxe5 25.Rxe5 Rxe5 26.d4 Qe7 27.dxe5 Qxe5 28.Re1 Qf6 29.c4 Nf4
30.Bxf4 Qxf4 31.Qxb6 Rd2 32.Re8+ Kh7 33.Re2 Rd7 34.Re1 Qg5 35.Qb2 Qd8 36.c5 Bc6
37.Qb6 Bxa4 38.Qxa6 Rd4 39.Rc1 Qg5 40.Rc4 Rxc4 41.Qxc4 Be8 42.c6 Qf5 43.c7 Qc8
44.Bd3 f5 45.Qc5 h5 46.Ba6  1-0

[Event "EU-chT (Women)"]
[Site "Debrecen"]
[Date "1992.??.??"]
[Round "8"]
[White "Puljek Salai, Zorica"]
[Black "Mihevc, Narcisa"]
[Result "1-0"]
[WhiteElo "2185"]
[BlackElo "2140"]

1.e4 c5 2.Nf3 Nc6 3.Bb5 d6 4.c3 Nf6 5.Qe2 Bd7 6.O-O e5 7.Rd1 a6 8.Ba4 b5
9.Bc2 Be7 10.h3 O-O 11.d4 Qc7 12.d5 Na5 13.Nbd2 c4 14.Nf1 Nb7 15.Ng3 Nc5
16.Nh4 a5 17.Nhf5 Bd8 18.f4 Ne8 19.fxe5 dxe5 20.Be3 Qa7 21.b4 cxb3 22.axb3 Bb6
23.Kh2 Nb7 24.Bd2 Nbd6 25.Rf1 Qc7 26.Ne7+ Kh8 27.Qh5 Nf6 28.Rxf6 gxf6 29.Qh6 Rg8
30.Qxf6+ Rg7 31.Bh6 Rg8 32.Nxg8 Ne8 33.Bxg7+ Kxg8 34.Qg5  1-0

[Event "EU-chT (Men)"]
[Site "Debrecen"]
[Date "1992.??.??"]
[Round "9"]
[White "Sepp, Olav"]
[Black "Gausel, Einar"]
[Result "1/2-1/2"]
[WhiteElo "2335"]
[BlackElo "2445"]

1.e4 c5 2.Nf3 Nc6 3.Bb5 Nf6 4.Qe2 g6 5.O-O Bg7 6.c3 O-O 7.d4 cxd4 8.cxd4 d5
9.e5 Ne4 10.Nc3 Nxc3 11.bxc3 Qa5 12.a4 Bg4 13.Qe3 f6 14.Ba3 Rfe8 15.Rfe1 Qd8
16.exf6 exf6 17.Qf4 Qd7 18.Nd2 g5 19.Qg3 a6 20.Bf1 Bf5 21.Nb3 Qf7 22.Nc5 Bf8
23.h4 h6 24.Nd3 Rxe1 25.Nxe1 Bxa3 26.Rxa3 Re8 27.Ra1 Na5 28.Nd3 Nc4 29.Nc5 Nd2
30.a5 Ne4 31.Nxe4 Bxe4 32.Re1 Qd7 33.c4 Kg7 34.cxd5 Bxd5 35.Rxe8 Qxe8 36.hxg5 hxg5
37.Qd6 Qe4 38.Qc7+ Kg6 39.Qc3 Kg7 40.Qc5 Qe6 41.Qc7+ Qf7 42.Qd8 Qg8 43.Qd6 Qe6
44.Qc7+ Qf7 45.Qc5 Qe6 46.Bd3 Qe1+ 47.Kh2 Qe6 48.Qc7+ Qf7 49.Qd6 Qh5+ 50.Kg1 Qd1+
51.Kh2 Qh5+ 52.Kg1 Qd1+ 53.Kh2  1/2-1/2

[Event "Doha op"]
[Site "Doha"]
[Date "1992.??.??"]
[Round "3"]
[White "Magomedov, Magaram"]
[Black "Rahman, Ziaur"]
[Result "1/2-1/2"]
[WhiteElo "2445"]
[BlackElo "2380"]

1.e4 c5 2.Nf3 Nc6 3.Bb5 d6 4.Bxc6+ bxc6 5.h3 e5 6.O-O Nf6 7.Re1 Be7 8.c3 O-O
9.d4 cxd4 10.cxd4 exd4 11.Nxd4 Bd7 12.Nc3 Re8 13.Bf4 Qb6 14.Qd2 Rad8 15.Rac1 h6
16.b3 Qb7 17.Qc2 c5 18.Nde2 Bc6 19.Ng3 Bf8 20.Bd2 d5 21.exd5 Nxd5 22.Nce4 Nb4
23.Bxb4 Qxb4 24.Re2 Re6 25.Qc4  1/2-1/2

[Event "Dortmund op-A"]
[Site "Dortmund"]
[Date "1992.??.??"]
[Round "6"]
[White "Cladouras, Panagiotis"]
[Black "Demeter, Istvan"]
[Result "1/2-1/2"]
[WhiteElo "2365"]
[BlackElo "2290"]

1.e4 c5 2.Nf3 Nc6 3.Bb5 g6 4.Bxc6 bxc6 5.O-O Bg7 6.c3 Nf6 7.Re1 O-O 8.d4 cxd4
9.cxd4 Qa5 10.Nc3 d6 11.h3 Rb8 12.Bd2 Nd7 13.b3 Qa6 14.Bg5 Re8 15.Qd2 Qa5
16.Rac1 c5 17.Nd5 Qxd2 18.Nxd2 Bf8 19.Nc7 Rd8 20.e5 dxe5 21.dxc5 Rb7 22.Nd5 Nf6
23.Nc3 h6 24.Bxf6 exf6 25.Nde4 Kg7 26.c6 Rb4 27.Red1 Rbd4 28.Rxd4 Rxd4 29.f3 f5
30.Ng3 Bc5 31.Kh2 Ba3 32.Rc2 a6 33.Na4 Bd6 34.Nb6 Be6 35.c7 e4 36.c8=Q Bxc8
37.Nxc8 Bf4 38.Nb6 e3 39.Re2 Rd2 40.Re1 g5 41.Nc4  1/2-1/2

[Event "Dortmund op-A"]
[Site "Dortmund"]
[Date "1992.??.??"]
[Round "10"]
[White "Glek, Igor V"]
[Black "Kishnev, Sergey"]
[Result "1-0"]
[WhiteElo "2515"]
[BlackElo "2540"]

1.e4 c5 2.Nf3 Nc6 3.Bb5 e6 4.O-O Nge7 5.Re1 a6 6.Bxc6 Nxc6 7.d4 cxd4 8.Nxd4 d6
9.Nc3 Be7 10.Nxc6 bxc6 11.Qg4 Kf8 12.b3 h5 13.Qe2 h4 14.Ba3 e5 15.Rad1 Rh6
16.Rd3 Qa5 17.Na4 Rg6 18.h3 c5 19.Bc1 c4 20.Rf3 Be6 21.Bd2 Qb5 22.Nc3 Qc6
23.Rd1 Bd8 24.Be1 Bb6 25.Nd5 cxb3 26.axb3 Bd4 27.Nf4 Rf6 28.Nxe6+ Rxe6 29.c3 Bb6
30.Rf5 g6 31.Rf3 a5 32.Rd5 a4 33.b4 a3 34.Qa2 Re7 35.c4 Qa4 36.Rxd6 Bd4 37.Rd3 Rc7
38.c5 Qb5 39.Rxa3 Rxa3 40.Qxa3 Qe2 41.Qc1 Kg7 42.Qd2 Qxe4 43.Kh2 f6 44.f3 Qb1
45.c6 g5 46.Rd7+ Rxd7 47.cxd7 Bb6 48.Bf2 Bxf2 49.Qxf2 Qd1 50.Qa7 Kg6 51.Qc7 Qe1
52.Qc2+ Kg7 53.Qe4 Qd2 54.f4 gxf4 55.Qb7 Kg6 56.Qc8 f3 57.Qg8+ Kh6 58.d8=Q  1-0

[Event "Dresden op"]
[Site "Dresden"]
[Date "1992.??.??"]
[Round "?"]
[White "Dobrovolsky, Ladislav"]
[Black "Troyke, Christian"]
[Result "1-0"]
[WhiteElo "2390"]
[BlackElo "2340"]

1.e4 c5 2.Nf3 Nc6 3.Bb5 g6 4.O-O Bg7 5.c3 Nf6 6.Re1 O-O 7.d4 cxd4 8.cxd4 d5
9.e5 Ne4 10.Nc3 Nxc3 11.bxc3 Na5 12.Ng5 h6 13.Nf3 Bd7 14.Bxd7 Qxd7 15.e6 Qd6
16.exf7+ Rxf7 17.Ne5 Rf5 18.Qg4 Kh7 19.Ba3 Qa6 20.Bxe7 Re8 21.Nf3 Nc6 22.Re6 Ne5
23.Qxf5 gxf5 24.Rxa6 Nxf3+ 25.gxf3 bxa6 26.Bc5 Re2 27.a3 Rc2 28.Rb1 Rxc3
29.Rb7 Kg6 30.Rxa7 Rd3 31.Rxa6+ Kg5 32.Ra4 Rxf3 33.Kf1 Kf4 34.Ra6 Ke4 35.Ke2 Rb3
36.Re6+ Kf4 37.Rb6 Rc3 38.Rg6 Bh8 39.Rxh6 Bg7 40.Rg6 Bh8 41.Rg3 Rc2+ 42.Kd3  1-0

[Event "Dubai Asian Cities"]
[Site "Dubai"]
[Date "1992.??.??"]
[Round "4"]
[White "Antonio, Rogelio Jr"]
[Black "Johansen, Darryl K"]
[Result "1-0"]
[WhiteElo "2520"]
[BlackElo "2485"]

1.e4 c5 2.Nf3 Nc6 3.Bb5 Nf6 4.d3 Qa5+ 5.Nc3 Nd4 6.Ba4 b5 7.Bb3 Nxb3 8.cxb3 b4
9.Ne2 e6 10.Bg5 d6 11.Bxf6 gxf6 12.Qd2 Qd8 13.d4 cxd4 14.Qxd4 Qb6 15.Qxf6 Rg8
16.O-O Ba6 17.Rfe1 Rg6 18.Qf4 Bh6 19.Qh4 Qd8 20.Qh5 Qf6 21.Ng3 Qxb2 22.Qa5 Qa3
23.Qc7 Rc8 24.Qxd6 Bf8 25.Qd2 Qa5 26.Rad1 Be7 27.Qd4 Kf8 28.Qh8+ Rg8 29.Qxh7 Rg7
30.Qh8+ Rg8 31.Qh6+ Ke8 32.Nh5  1-0

[Event "Wch U18 Girls"]
[Site "Duisburg"]
[Date "1992.??.??"]
[Round "2"]
[White "Abdullaeva, U."]
[Black "Manakova, Maria"]
[Result "1-0"]
[WhiteElo "2180"]
[BlackElo "2115"]

1.e4 c5 2.Nf3 Nc6 3.Bb5 g6 4.Bxc6 dxc6 5.O-O Bg7 6.Nc3 Nf6 7.d3 Bg4 8.h3 Bxf3
9.Qxf3 Nd7 10.Qe2 Nf8 11.Nb1 Ne6 12.c3 Qd7 13.f4 O-O-O 14.Rf3 h6 15.Na3 g5
16.f5 Nf8 17.e5 Qc7 18.Nc2 Rg8 19.d4 Nd7 20.b4 cxb4 21.cxb4 Nb6 22.a4 Nd5
23.Bd2 e6 24.f6 Bf8 25.Rb3 Kd7 26.a5 a6 27.Qg4 Rg6 28.Rab1 Kc8 29.Rg3 h5
30.Qxh5 Nxf6 31.Qf3 g4 32.hxg4 Nd5 33.g5 Rg7 34.Rf1 Ne7 35.Qh5 Nf5 36.Rd3 Be7
37.g4 Bxg5 38.Bxg5 Rdg8 39.Bd2 Rxg4+ 40.Kf2 Ng3 41.Qxg4 Rxg4 42.Rxg3 Rxg3
43.Kxg3 f5 44.Kf2 Qh7 45.Bf4 Qh4+ 46.Ke2 Qg4+ 47.Rf3 Qg2+ 48.Rf2 Qe4+ 49.Kd2 Kd7
50.Be3 c5 51.bxc5 Kc6 52.Kc3 Kb5 53.Na3+ Kc6 54.Nc4 Qh1 55.Rb2 Qa1 56.Kb4 Kd5
57.Bf2 Qc1 58.Rc2 Qh1 59.Nd2 f4 60.c6 b6 61.axb6 a5+ 62.Kb5  1-0

[Event "Wch U18 Girls"]
[Site "Duisburg"]
[Date "1992.??.??"]
[Round "10"]
[White "Khurtsidze, Nino"]
[Black "Petrenko, Svetlana"]
[Result "1-0"]
[WhiteElo "2235"]
[BlackElo "2115"]

1.e4 c5 2.Nf3 Nc6 3.Bb5 g6 4.O-O Bg7 5.Re1 Nf6 6.Nc3 e6 7.e5 Ng4 8.Bxc6 dxc6
9.d3 O-O 10.h3 Nh6 11.Bg5 Qb6 12.Ne4 Nf5 13.Qd2 Kh8 14.c3 Qc7 15.Bf6 Kg8
16.g4 Ne7 17.Qg5 Nd5 18.c4 Nb4 19.Bxg7 Kxg7 20.Qf6+ Kg8 21.Qh4 f6 22.Nxf6+ Kh8
23.Ng5 Rf7 24.Nxf7+ Qxf7 25.Re2 b5 26.Rd1 Bb7 27.a3 Na6 28.d4  1-0

[Event "Eger Agria"]
[Site "Eger"]
[Date "1992.??.??"]
[Round "?"]
[White "Holzhaeuer, Mathias"]
[Black "Meszaros, Andras"]
[Result "1-0"]
[WhiteElo "2325"]
[BlackElo "2320"]

1.e4 c5 2.Nf3 Nc6 3.Bb5 g6 4.O-O Nf6 5.e5 Nd5 6.Nc3 Nc7 7.Bxc6 dxc6 8.h3 Bg7
9.d3 O-O 10.Re1 Ne6 11.Ne4 b6 12.a4 Nd4 13.Ned2 Be6 14.b3 Qd7 15.Bb2 Bh6
16.a5  1-0

[Event "Eger Agria"]
[Site "Eger"]
[Date "1992.??.??"]
[Round "?"]
[White "Holzhaeuer, Mathias"]
[Black "Ptaschinski, Dirk"]
[Result "1-0"]
[WhiteElo "2325"]
[BlackElo "2220"]

1.e4 c5 2.Nf3 Nc6 3.Bb5 Qb6 4.Nc3 e6 5.Bxc6 Qxc6 6.d4 cxd4 7.Nxd4 Qb6 8.O-O d6
9.Be3 Qd8 10.Qe2 Nf6 11.Rad1 Bd7 12.Ndb5 Qb8 13.Qd3 Bxb5 14.Nxb5 a6 15.e5 dxe5
16.Bb6 Be7 17.Nc7+ Kf8 18.Nxa8 Qxa8 19.c4 Qb8 20.Qd2 h5 21.Qa5 e4 22.Bc5 Ke8
23.Bxe7 Kxe7 24.Qc5+ Ke8 25.Rd4 Ng4 26.Rd6 Rh6 27.Rfd1 Rf6 28.Qb6  1-0

[Event "Elenite"]
[Site "Elenite"]
[Date "1992.??.??"]
[Round "2"]
[White "Kotronias, Vasilios"]
[Black "Manolov, Ivan"]
[Result "1-0"]
[WhiteElo "2550"]
[BlackElo "2340"]

1.e4 c5 2.Nf3 Nc6 3.Bb5 e6 4.O-O Nge7 5.Re1 a6 6.Bf1 d5 7.exd5 Nxd5 8.d4 cxd4
9.Nxd4 Nde7 10.Nxc6 Qxd1 11.Rxd1 Nxc6 12.Nd2 e5 13.Nc4 Be6 14.Be3 Be7 15.Nd6+ Bxd6
16.Rxd6 O-O 17.Bb6 Rac8 18.c3 Rfe8 19.a4 e4 20.Re1 Bf5 21.f3 Ne5 22.Rd5 Nd3
23.Re2 Be6 24.Rd4 exf3 25.gxf3 Nc5 26.a5 f6 27.Rb4 Nd7 28.Bd4 Bd5 29.Kf2 Rxe2+
30.Bxe2 Kf7 31.Bd3 g6 32.c4 Bc6 33.Rb3 f5 34.Ra3 Nf8 35.b4 Ne6 36.Bb6 Bd7
37.Bf1 Nf8 38.Bc5 Be6 39.Bxf8 Kxf8 40.Rc3 Ke7 41.f4 Kf6 42.Ke3 h6 43.Kd4 g5
44.b5 gxf4 45.Bg2 Rc7 46.b6 Rg7 47.Bf3 Bc8 48.c5 Rd7+ 49.Kc4 Rd2 50.c6 bxc6
51.Kc5 Ra2 52.Kxc6 Rxa5 53.Kc7 Rb5 54.Rc6+ Be6 55.b7  1-0

[Event "Elenite"]
[Site "Elenite"]
[Date "1992.??.??"]
[Round "3"]
[White "Sax, Gyula"]
[Black "Spasov, Vasil"]
[Result "1/2-1/2"]
[WhiteElo "2565"]
[BlackElo "2535"]

1.e4 c5 2.Nf3 Nc6 3.Bb5 Nf6 4.Nc3 g6 5.h3 Nd4 6.e5 Nxb5 7.Nxb5 Nd5 8.Nc3 Nxc3
9.dxc3 d5 10.exd6 Qxd6 11.Qxd6 exd6 12.Bf4 Be6 13.O-O-O d5 14.Rhe1 Be7 15.Bg5 Rd8
16.Bh6 Bf6 17.Nh2 Rg8 18.f4 Kd7 19.Nf3 Rge8 20.Bg5 Be7 21.Ne5+ Kd6 22.Bxe7+  1/2-1/2

[Event "Elenite"]
[Site "Elenite"]
[Date "1992.??.??"]
[Round "8"]
[White "Dorfman, Josif D"]
[Black "Spasov, Vasil"]
[Result "1/2-1/2"]
[WhiteElo "2610"]
[BlackElo "2535"]

1.e4 c5 2.Nf3 Nc6 3.Bb5 g6 4.Bxc6 dxc6 5.h3 Bg7 6.d3 e5 7.O-O Qe7 8.a3 Nf6
9.b4 O-O 10.Bb2 Nh5 11.Nbd2 Rd8 12.Qe1 Nf4 13.Kh2 f6 14.Qe3 Ne6 15.Rfc1 Qf8
16.Rcb1  1/2-1/2

[Event "NLD-ch sf"]
[Site "Enschede"]
[Date "1992.??.??"]
[Round "1"]
[White "Perez Garcia, Hebert"]
[Black "Hendriks, Willy"]
[Result "0-1"]
[WhiteElo "2245"]
[BlackElo "2320"]

1.e4 c5 2.Nf3 Nc6 3.Bb5 g6 4.O-O Bg7 5.Re1 Nf6 6.c3 O-O 7.d4 cxd4 8.cxd4 d5
9.e5 Ne4 10.Nc3 Nxc3 11.bxc3 Qa5 12.a4 Bg4 13.Re3 f6 14.e6 Bh6 15.Re1 Bxf3
16.gxf3 Bxc1 17.Qxc1 Rac8 18.Qa3 Qc7 19.Re3 Rfd8 20.a5 Qd6 21.Qb3 Rc7 22.Kg2 a6
23.Bd3 Qf4 24.Qb6 Rdc8 25.Ra3 Nd8 26.Bc2 Rc6 27.Qb1 Nxe6 28.Qxb7 Qd6 29.Ba4 Nf4+
30.Kf1 R6c7 31.Qb4 Rxc3 32.Raxc3 Qxb4 33.Rxc8+ Kg7 34.Bb3 Qb5+ 35.Kg1 Qd7  0-1

[Event "Erkelmem op"]
[Site "Erkelmem"]
[Date "1992.??.??"]
[Round "?"]
[White "Emodi, Gyula"]
[Black "Felegyhazi, Laszlo"]
[Result "1-0"]
[WhiteElo "2345"]
[BlackElo "2240"]

1.e4 c5 2.Nf3 Nc6 3.Bb5 g6 4.O-O Bg7 5.c3 Nf6 6.d4 cxd4 7.e5 Nd5 8.cxd4 O-O
9.Nc3 Nxc3 10.bxc3 d6 11.exd6 Qxd6 12.a4 Rd8 13.Ba3 Qc7 14.Re1 e6 15.Ng5 a6
16.Bf1 b6 17.Qf3 Bb7 18.Qh3 h6 19.Nxe6 fxe6 20.Qxe6+ Kh8 21.Qxg6 Rg8 22.Bd6 Qd7
23.Bc4 Rge8 24.Bd3 Kg8 25.Bf5 Rxe1+ 26.Rxe1 Qd8 27.Qh7+  1-0